[Event "XLII Festival A"]
[Site "Imperia ITA"]
[Date "2000.09.06"]
[Round "4"]
[White "Van Hoolandt, Patrick"]
[Black "Jacob, Volker"]
[WhiteElo "2169"]
[BlackElo "2267"]
[Result "0-1"]
[PlyCount "86"]
[EventDate "2000.09.03"]

1. c4 Nf6 2. g3 e5 3. Bg2 Bc5 4. Nc3 O-O 5. a3 a5 6. d3 h6 7. Nf3 Nc6 8. O-O d6
9. b3 Bf5 10. Bb2 Qd7 11. e3 Bg4 12. Qd2 Ba7 13. Nb5 Bb6 14. d4 e4 15. Ne1 Rae8
16. b4 axb4 17. axb4 Nb8 18. Nc3 c6 19. Nxe4 Nxe4 20. Bxe4 Rxe4 21. f3 Bxf3 22.
Rxf3 Rfe8 23. Ng2 Bd8 24. Raf1 Rf8 25. Nf4 Bg5 26. Qd3 Ree8 27. e4 Qe7 28. e5
dxe5 29. dxe5 Bxf4 30. Rxf4 Qxb4 31. Ba3 Qb6+ 32. Kh1 c5 33. Qd5 Qg6 34. Bxc5
Rd8 35. Qxb7 Rd7 36. Qb1 Qc6+ 37. Qe4 Qxc5 38. e6 Re7 39. exf7+ Rfxf7 40. Qa8
Qc6+ 41. Qxc6 Nxc6 42. Rxf7 Rxf7 43. Re1 Rf2 0-1

[Event "XLII Festival A"]
[Site "Imperia ITA"]
[Date "2000.09.06"]
[Round "4"]
[White "Wurm, Christoph"]
[Black "Astengo, Marcello"]
[WhiteElo "2156"]
[BlackElo "2060"]
[Result "1-0"]
[PlyCount "99"]
[EventDate "2000.09.03"]

1. e4 e6 2. d4 d5 3. e5 c5 4. Qg4 cxd4 5. Nf3 Nc6 6. Bd3 Bd7 7. O-O Nb4 8. Nxd4
Nxd3 9. cxd3 Qb6 10. Nb3 Nh6 11. Bxh6 gxh6 12. Nc3 a5 13. Rac1 a4 14. Qd4 Qa6
15. Nc5 Bxc5 16. Qxc5 Qxd3 17. Rfd1 Qa6 18. Qd4 Bc6 19. Rd3 Rg8 20. Nd1 Qa7 21.
Rc5 Rd8 22. Ne3 Qb8 23. Ng4 Rxg4 24. Qxg4 Qxe5 25. Rc1 d4 26. Rcd1 Be4 27. Re1
f5 28. Qg8+ Ke7 29. Qxh7+ Kf8 30. Qxh6+ Qg7 31. Qxg7+ Kxg7 32. Rd2 Kf6 33. f3
Bc6 34. f4 Be4 35. g4 d3 36. g5+ Kg6 37. Kf2 Rc8 38. Ke3 Kh5 39. Rxd3 Bxd3 40.
Kxd3 Rd8+ 41. Ke3 Rd6 42. Rg1 Rd7 43. g6 Kh6 44. g7 Rxg7 45. Rxg7 Kxg7 46. Kd4
Kf6 47. h4 b6 48. h5 b5 49. h6 a3 50. b4 1-0

[Event "XLII Festival A"]
[Site "Imperia ITA"]
[Date "2000.09.06"]
[Round "5"]
[White "Astengo, Marcello"]
[Black "Giuberchio, Cesare"]
[WhiteElo "2060"]
[BlackElo "1906"]
[Result "1-0"]
[PlyCount "45"]
[EventDate "2000.09.03"]

1. d4 d5 2. Nf3 Nf6 3. Bf4 e6 4. e3 Bd6 5. Bg3 O-O 6. Bd3 c5 7. c3 b6 8. Nbd2
Ba6 9. Bb1 Nc6 10. Ne5 Qc7 11. f4 Ne7 12. Bh4 Ng6 13. Bg5 Rfe8 14. h4 Nf8 15.
h5 Ne4 16. Bxe4 dxe4 17. Nxe4 Bb7 18. Nf6+ Kh8 19. Nxe8 Rxe8 20. h6 f6 21. Qh5
Qe7 22. hxg7+ Qxg7 23. Nf7+ 1-0

[Event "XLII Festival A"]
[Site "Imperia ITA"]
[Date "2000.09.06"]
[Round "5"]
[White "Barlocco, Carlo"]
[Black "Strazzeri, Marco"]
[WhiteElo "2179"]
[BlackElo "1756"]
[Result "1-0"]
[PlyCount "49"]
[EventDate "2000.09.03"]

1. c4 e5 2. g3 Nc6 3. Bg2 g6 4. Nc3 Bg7 5. Rb1 d6 6. b4 f5 7. e3 Nf6 8. b5 Ne7
9. Qb3 O-O 10. Ba3 f4 11. c5+ Kh8 12. exf4 exf4 13. Nge2 fxg3 14. hxg3 Ng4 15.
O-O Nf5 16. cxd6 cxd6 17. Bb2 Nh4 18. Nd5 Nxg2 19. Bxg7+ Kxg7 20. Kxg2 h5 21.
Nef4 h4 22. Qc3+ Ne5 23. Nc7 Rf6 24. Nxa8 Qd7 25. Qc7 1-0

[Event "XLII Festival A"]
[Site "Imperia ITA"]
[Date "2000.09.06"]
[Round "5"]
[White "Basciu, Simone"]
[Black "Bibik, Jura"]
[WhiteElo "2147"]
[BlackElo "2268"]
[Result "1/2-1/2"]
[PlyCount "35"]
[EventDate "2000.09.03"]

1. d4 f5 2. Nf3 Nf6 3. g3 g6 4. Bg2 Bg7 5. O-O O-O 6. c4 d6 7. Nc3 c6 8. d5 Qe8
9. Rb1 Bd7 10. b4 Na6 11. dxc6 bxc6 12. b5 Nc5 13. Nd4 Nfe4 14. Nxe4 Nxe4 15.
Bxe4 fxe4 16. Nxc6 Bxc6 17. bxc6 Qxc6 18. Qd5+ 1/2-1/2

[Event "XLII Festival A"]
[Site "Imperia ITA"]
[Date "2000.09.06"]
[Round "5"]
[White "Bellia, Fabrizio"]
[Black "Delchev, Aleksander"]
[WhiteElo "2374"]
[BlackElo "2557"]
[Result "0-1"]
[PlyCount "94"]
[EventDate "2000.09.03"]

1. e4 c5 2. Nf3 e6 3. d4 cxd4 4. Nxd4 Nc6 5. Nc3 Qc7 6. Be2 a6 7. O-O b5 8. a3
Bb7 9. Be3 Nf6 10. f4 Bc5 11. b4 Ba7 12. Qd3 Rc8 13. Ncxb5 axb5 14. Nxb5 Bxe3+
15. Qxe3 Qb8 16. e5 Nd5 17. Qc5 Nce7 18. Nd6+ Qxd6 19. exd6 Rxc5 20. bxc5 Nc3
21. Rfb1 Bc8 22. dxe7 Nxe2+ 23. Kf2 Nc3 24. Rb8 Kxe7 25. Ke3 Nd5+ 26. Ke4 Kd8
27. c4 Ne7 28. Rab1 f5+ 29. Ke3 Nc6 30. Ra8 e5 31. a4 exf4+ 32. Kf2 Re8 33. a5
Re5 34. Rb5 Re3 35. a6 Ra3 36. Rb6 g5 37. a7 Kc7 38. Ke1 g4 39. Kf2 g3+ 40.
hxg3 fxg3+ 41. Ke2 f4 42. Ke1 f3 43. gxf3 Ra1+ 44. Ke2 g2 45. Rb1 Rxb1 46.
Rxc8+ Kxc8 47. a8=Q+ Kc7 0-1

[Event "XLII Festival A"]
[Site "Imperia ITA"]
[Date "2000.09.06"]
[Round "5"]
[White "Benes, Petr"]
[Black "Delanoy, Arnaud"]
[WhiteElo "2171"]
[BlackElo "2120"]
[Result "0-1"]
[PlyCount "122"]
[EventDate "2000.09.03"]

1. c4 e5 2. g3 Nf6 3. Bg2 Nc6 4. Nc3 Bc5 5. e3 d5 6. cxd5 Nb4 7. d3 Nbxd5 8.
Nxd5 Nxd5 9. a3 O-O 10. Ne2 Be6 11. O-O Qd7 12. d4 exd4 13. Nxd4 Bh3 14. Nb3
Bxg2 15. Kxg2 Bb6 16. Qf3 Qe6 17. e4 Ne3+ 18. Bxe3 Qxb3 19. Bxb6 Qxb6 20. Rac1
c6 21. Rc2 Rad8 22. Re1 h6 23. Re3 Rd7 24. Rb3 Qd4 25. Rcc3 Rfd8 26. Rb4 Qd2
27. Qe3 Qxe3 28. Rxe3 c5 29. Rc4 b6 30. Rc2 Rd2 31. Re2 Rxe2 32. Rxe2 Kf8 33.
Rc2 Ke7 34. Kf3 Rd1 35. Ke2 Rh1 36. h4 Rb1 37. Ke3 Re1+ 38. Kf4 Ke6 39. f3 Rg1
40. h5 Rh1 41. g4 Re1 42. Kg3 Ke5 43. Rd2 Rg1+ 44. Kf2 Rb1 45. Ke3 Re1+ 46. Kf2
Rb1 47. Ke2 Kf4 48. a4 a6 49. Kf2 b5 50. a5 c4 51. Re2 Rh1 52. Kg2 Rd1 53. e5
Rd4 54. Kf2 b4 55. Rc2 Kxe5 56. Ke3 Rd3+ 57. Ke2 Kd4 58. Kf2 c3 59. bxc3+ bxc3
60. Ke2 Kc4 61. Ra2 Rd5 0-1

[Event "XLII Festival A"]
[Site "Imperia ITA"]
[Date "2000.09.06"]
[Round "5"]
[White "Blasco, Domenico"]
[Black "Semeria, Marco"]
[WhiteElo "2070"]
[BlackElo "2063"]
[Result "0-1"]
[PlyCount "80"]
[EventDate "2000.09.03"]

1. d4 Nf6 2. e3 c5 3. Nf3 e6 4. Bd3 Nc6 5. c3 b6 6. O-O Bb7 7. Nbd2 d6 8. e4
Be7 9. Re1 O-O 10. Nf1 cxd4 11. cxd4 e5 12. d5 Nb4 13. Bb1 a5 14. Ng3 Rc8 15.
a3 Na6 16. Nf5 a4 17. Qxa4 g6 18. Nxe7+ Qxe7 19. b4 Ra8 20. Qd1 Nxb4 21. Qb3
Na6 22. Qxb6 Rfb8 23. Qe3 Nc5 24. Bd2 Ba6 25. Bb4 Rc8 26. Rc1 Ng4 27. Qe1 Nb3
28. Ba2 Rxc1 29. Rxc1 Nxc1 30. Qxc1 Rc8 31. Qd2 Qc7 32. g3 Qc1+ 33. Qxc1 Rxc1+
34. Ne1 Nf6 35. f3 Nd7 36. f4 exf4 37. gxf4 Nc5 38. e5 Kf8 39. exd6 Ke8 40.
Bxc5 Rxe1+ 0-1

[Event "XLII Festival A"]
[Site "Imperia ITA"]
[Date "2000.09.06"]
[Round "5"]
[White "Colovic, Aleksandar"]
[Black "Jandovsky, Viktor"]
[WhiteElo "2397"]
[BlackElo "2195"]
[Result "1-0"]
[PlyCount "53"]
[EventDate "2000.09.03"]

1. c4 e5 2. Nc3 Nc6 3. g3 g6 4. Bg2 Bg7 5. Rb1 a5 6. a3 Nge7 7. e3 d6 8. Nge2
O-O 9. d3 Be6 10. Nd5 Qd7 11. O-O f5 12. b4 axb4 13. axb4 Nd8 14. b5 Rf7 15.
Bd2 g5 16. Nxe7+ Qxe7 17. Nc3 c6 18. bxc6 bxc6 19. Rb6 Rc8 20. Qa4 f4 21. Ne4
Bf5 22. Bb4 Bxe4 23. Bxe4 fxe3 24. fxe3 Rxf1+ 25. Kxf1 Qe6 26. Kg2 g4 27. Rxc6
1-0

[Event "XLII Festival A"]
[Site "Imperia ITA"]
[Date "2000.09.06"]
[Round "5"]
[White "Egartner, Wolfgang"]
[Black "Svacina, Petr"]
[WhiteElo "2166"]
[BlackElo "2094"]
[Result "1-0"]
[PlyCount "93"]
[EventDate "2000.09.03"]

1. d4 Nf6 2. Nf3 d6 3. g3 Nbd7 4. Bg2 e5 5. O-O c6 6. c4 Qc7 7. Nc3 Be7 8. e4
O-O 9. h3 Re8 10. Be3 a5 11. Nh4 g6 12. Qd2 Nh5 13. Nf3 b6 14. b3 Bf8 15. Rac1
Nhf6 16. Rfe1 Ba6 17. Bh6 Bg7 18. Bxg7 Kxg7 19. Rcd1 Rad8 20. Qb2 Bb7 21. Rd2
Kg8 22. Red1 Ba6 23. Kh2 Rc8 24. dxe5 dxe5 25. Rd6 Rcd8 26. Qd2 Kg7 27. g4 Bc8
28. Ng1 Re7 29. Nge2 Rde8 30. Ng3 Re6 31. g5 Ng8 32. Rxd7 Bxd7 33. Qxd7 Qxd7
34. Rxd7 Rb8 35. Bf1 Kf8 36. Kg2 Ke8 37. Rd2 Rd8 38. Rxd8+ Kxd8 39. Kf3 Rd6 40.
Ke3 Ne7 41. c5 bxc5 42. Bc4 Ke8 43. Na4 Rd1 44. Nxc5 Nc8 45. Nd3 Nb6 46. Nxe5
c5 47. Bxf7+ 1-0

[Event "XLII Festival A"]
[Site "Imperia ITA"]
[Date "2000.09.06"]
[Round "5"]
[White "Faraci, Antonino"]
[Black "Krouzel, Jaroslav"]
[WhiteElo "2111"]
[BlackElo "2293"]
[Result "1-0"]
[PlyCount "93"]
[EventDate "2000.09.03"]

1. e4 e6 2. d4 d5 3. Nc3 Bb4 4. e5 c5 5. a3 Bxc3+ 6. bxc3 Ne7 7. h4 Nbc6 8. h5
h6 9. Rh3 Qa5 10. Bd2 cxd4 11. cxd4 Qa4 12. c3 Qxd1+ 13. Kxd1 Bd7 14. a4 Na5
15. Bd3 Nc4 16. Bc1 O-O-O 17. Rg3 Rdg8 18. Nf3 Na5 19. Bc2 g6 20. hxg6 fxg6 21.
Ke2 g5 22. Nd2 h5 23. Ba3 Nf5 24. Bxf5 exf5 25. Be7 g4 26. f4 h4 27. Re3 h3 28.
Kf2 Be6 29. Rh1 hxg2 30. Rxh8 Rxh8 31. Kxg2 Nc4 32. Nxc4 dxc4 33. a5 Kd7 34.
Bc5 a6 35. Bb4 Bd5+ 36. Kg1 Ke6 37. Kf2 Be4 38. Kg1 Rh6 39. Kf2 Kd5 40. Bc5 Kc6
41. Bb6 Kb5 42. Kg1 Ka4 43. Rxe4 fxe4 44. d5 Kb5 45. e6 e3 46. Bxe3 Kxa5 47. e7
1-0

[Event "XLII Festival A"]
[Site "Imperia ITA"]
[Date "2000.09.06"]
[Round "5"]
[White "Giuliano, Arturo"]
[Black "Spinelli, Doriano"]
[WhiteElo "1968"]
[BlackElo "2189"]
[Result "1/2-1/2"]
[PlyCount "106"]
[EventDate "2000.09.03"]

1. e4 d5 2. exd5 Nf6 3. Bb5+ Nbd7 4. c4 g6 5. Nf3 Bg7 6. O-O O-O 7. Ba4 Nc5 8.
Bc2 b5 9. d4 Ncd7 10. b3 Nb6 11. Nbd2 Nbd7 12. Ba3 Ba6 13. Re1 Re8 14. Bd3 bxc4
15. bxc4 Nxd5 16. Be4 Nc3 17. Qc2 Nxe4 18. Nxe4 Nb6 19. Bc5 Nxc4 20. Qa4 Qc8
21. Rab1 Nb6 22. Qa3 e6 23. Ne5 Bb7 24. Qg3 f6 25. Nxg6 hxg6 26. Qxg6 Bxe4 27.
Rxe4 Nd5 28. Rh4 Ne7 29. Qh7+ Kf7 30. Rg4 Nf5 31. Qg6+ Kg8 32. Rb3 Rb8 33. Rxb8
Qxb8 34. h4 Qc8 35. h5 e5 36. h6 Qd7 37. hxg7 Nxg7 38. Rh4 Qf5 39. Qg3 Kf7 40.
Qb3+ Ne6 41. dxe5 Rg8 42. Be3 fxe5 43. Rh6 Qg4 44. Rh7+ Kf6 45. Rh6+ Kf7 46. g3
Qf5 47. Bxa7 Rd8 48. Rh4 Rd3 49. Qb7 Ng5 50. Qxc7+ Rd7 51. Qc4+ Kf6 52. Qc6+
Kf7 53. Qc4+ Kf6 1/2-1/2

[Event "XLII Festival A"]
[Site "Imperia ITA"]
[Date "2000.09.06"]
[Round "5"]
[White "Hocevar, Nikola"]
[Black "Dinser, Hans"]
[WhiteElo "2167"]
[BlackElo "2132"]
[Result "1-0"]
[PlyCount "76"]
[EventDate "2000.09.03"]

1. c4 c5 2. Nf3 Nc6 3. d4 cxd4 4. Nxd4 e5 5. Nb5 d6 6. g3 a6 7. N5c3 Nf6 8. Bg2
Be7 9. Nd5 O-O 10. Be3 Nxd5 11. cxd5 Nb8 12. Nd2 f5 13. Qb3 Nd7 14. f4 e4 15.
a4 b6 16. Nc4 Rb8 17. O-O Kh8 18. Bd4 b5 19. Ne3 Nf6 20. a5 Bd7 21. Rfc1 Rc8
22. Rc3 Rxc3 23. bxc3 Qa8 24. Rd1 Rc8 25. Bh3 g6 26. g4 Kg8 27. gxf5 Nh5 28. f6
Bxh3 29. fxe7 Nxf4 30. Kf2 Nh5 31. Qb1 Rf8+ 32. exf8=Q+ Qxf8+ 33. Ke1 Qf4 34.
Kd2 Ng7 35. Bxg7 Kxg7 36. c4 Bd7 37. Rf1 Qh4 38. Qa1+ Kh6 1-0

[Event "XLII Festival A"]
[Site "Imperia ITA"]
[Date "2000.09.06"]
[Round "5"]
[White "Jacob, Volker"]
[Black "Luciani, Carlo"]
[WhiteElo "2267"]
[BlackElo "2225"]
[Result "0-1"]
[PlyCount "82"]
[EventDate "2000.09.03"]

1. d4 Nf6 2. c4 d6 3. Nc3 Nbd7 4. e4 e5 5. Nf3 c6 6. Be2 Be7 7. O-O O-O 8. Qc2
Re8 9. d5 h6 10. Rd1 c5 11. a3 Nh7 12. b4 Ng5 13. Ne1 Nh7 14. Nd3 b6 15. Rb1
Bg5 16. Bb2 Ndf8 17. Bf3 Nf6 18. g3 h5 19. Bg2 h4 20. f4 Bh6 21. Nb5 hxg3 22.
hxg3 Ng4 23. Bc1 exf4 24. Nxf4 Nh7 25. Nc3 Ne5 26. Nce2 cxb4 27. axb4 Bg4 28.
Rb3 a5 29. Be3 Rc8 30. c5 bxc5 31. bxc5 dxc5 32. Ra1 Qd7 33. Rxa5 c4 34. Rb6
Bf3 35. Nd4 Bxg2 36. Kxg2 Ng4 37. Bg1 Ng5 38. Nf5 Nxe4 39. Ra7 Qxf5 40. Rc6
Bxf4 41. Rxc8 Rxc8 0-1

[Event "XLII Festival A"]
[Site "Imperia ITA"]
[Date "2000.09.06"]
[Round "5"]
[White "Jurek, Josef"]
[Black "Gross, Stefan"]
[WhiteElo "2329"]
[BlackElo "2357"]
[Result "1/2-1/2"]
[PlyCount "22"]
[EventDate "2000.09.03"]

1. d4 Nf6 2. c4 c6 3. Nf3 d5 4. Nc3 g6 5. e3 Bg7 6. Bd3 O-O 7. O-O Bg4 8. h3
Bxf3 9. Qxf3 e6 10. b3 Nbd7 11. Bb2 Re8 1/2-1/2

[Event "XLII Festival A"]
[Site "Imperia ITA"]
[Date "2000.09.06"]
[Round "5"]
[White "Kljako, Damir"]
[Black "Pienabarca, Nicola"]
[WhiteElo "2258"]
[BlackElo "2030"]
[Result "1-0"]
[PlyCount "51"]
[EventDate "2000.09.03"]

1. d4 Nf6 2. Nf3 c5 3. d5 b5 4. c4 g6 5. cxb5 a6 6. bxa6 Bxa6 7. Nc3 d6 8. e4
Bxf1 9. Kxf1 Bg7 10. g3 O-O 11. Kg2 Nbd7 12. h3 Qb6 13. Re1 Ne8 14. Qc2 Nc7 15.
Bf4 Rfb8 16. Rab1 c4 17. Be3 Qa5 18. Nd4 Ne5 19. Re2 Na6 20. a3 Qc7 21. f4 Nd3
22. Ncb5 Rxb5 23. Nxb5 Qb7 24. Qxc4 Ndc5 25. Bd4 Rc8 26. Rc1 1-0

[Event "XLII Festival A"]
[Site "Imperia ITA"]
[Date "2000.09.06"]
[Round "5"]
[White "Lukes, Ladislav"]
[Black "Capuano, Ruggiero"]
[WhiteElo "2122"]
[BlackElo "2170"]
[Result "1/2-1/2"]
[PlyCount "137"]
[EventDate "2000.09.03"]

1. e4 c5 2. Nf3 d6 3. d4 cxd4 4. Nxd4 Nf6 5. Nc3 Nc6 6. Bg5 e6 7. Qd2 a6 8.
O-O-O h6 9. Bf4 Bd7 10. Nb3 Ne5 11. f3 Rc8 12. Kb1 Be7 13. h3 O-O 14. Qd4 Qc7
15. Rd2 Rfd8 16. Be2 Be8 17. Qf2 Nc4 18. Bxc4 Qxc4 19. Rhd1 d5 20. Rd4 Qc6 21.
exd5 Nxd5 22. Nxd5 Rxd5 23. Rxd5 exd5 24. Be3 Bf6 25. Bd4 Bh4 26. Qd2 Bg5 27.
Qd3 Qc4 28. Bc3 Qxd3 29. Rxd3 Bc6 30. Nd4 Re8 31. b4 Ba4 32. Kb2 Bf6 33. Nb3
Bxc3+ 34. Kxc3 Re2 35. Rd2 Re7 36. Kd4 f6 37. Nc5 Bc6 38. Nd3 Re8 39. Nf4 Rd8
40. Kc5 Kf7 41. Kd4 g5 42. Ne2 h5 43. Nc3 Ke6 44. a4 b6 45. a5 bxa5 46. bxa5
Kd6 47. Rd1 Rb8 48. Rb1 Rxb1 49. Nxb1 Bb5 50. g4 h4 51. Nd2 Kc6 52. c4 dxc4 53.
Nxc4 Ba4 54. Na3 Bd1 55. Ke3 Kc5 56. Nb1 Kb4 57. Nd2 Kxa5 58. Ne4 Bc2 59. Nxf6
Kb5 60. Kd2 Bg6 61. Nh5 Kc4 62. f4 Kd4 63. fxg5 Ke4 64. Ke2 a5 65. Nf6+ Kf4 66.
Nd5+ Kxg5 67. Ke3 Bf7 68. Kd4 a4 69. Ne3 1/2-1/2

[Event "XLII Festival A"]
[Site "Imperia ITA"]
[Date "2000.09.06"]
[Round "5"]
[White "Melich, Jindrich"]
[Black "Ausmins, Elmar"]
[WhiteElo "2150"]
[BlackElo "2324"]
[Result "0-1"]
[PlyCount "43"]
[EventDate "2000.09.03"]

1. b4 Nf6 2. Bb2 g6 3. c4 Bg7 4. e3 O-O 5. Nf3 d6 6. Be2 e5 7. d4 e4 8. Nfd2 a5
9. b5 Re8 10. Nc3 Nbd7 11. Qc2 Qe7 12. O-O h5 13. Bc1 h4 14. h3 Nf8 15. Nd5
Nxd5 16. cxd5 Qg5 17. Nxe4 Qxd5 18. Nd2 Re7 19. Nf3 Qh5 20. a4 Bf5 21. Bd3 Bxd3
22. Qxd3 0-1

[Event "XLII Festival A"]
[Site "Imperia ITA"]
[Date "2000.09.06"]
[Round "5"]
[White "Mlynek, Petr"]
[Black "Malano, Francesco"]
[WhiteElo "2200"]
[BlackElo "2028"]
[Result "0-1"]
[PlyCount "46"]
[EventDate "2000.09.03"]

1. d4 c5 2. c3 e6 3. e4 Nf6 4. e5 Nd5 5. Nf3 cxd4 6. cxd4 b6 7. Nc3 Nxc3 8.
bxc3 Qc7 9. Bd2 Bb7 10. Bd3 d6 11. O-O Nd7 12. Re1 dxe5 13. Nxe5 Nxe5 14. Rxe5
Bd6 15. Rh5 g6 16. Rh4 Be7 17. Rg4 O-O 18. Bh6 Rfd8 19. Rc1 Rac8 20. Qe2 Bf6
21. h4 Rd5 22. Rf4 Bg7 23. Bg5 Rxg5 0-1

[Event "XLII Festival A"]
[Site "Imperia ITA"]
[Date "2000.09.06"]
[Round "5"]
[White "Mozny, Milos"]
[Black "Papan, Cyril"]
[WhiteElo "2414"]
[BlackElo "2208"]
[Result "1-0"]
[PlyCount "129"]
[EventDate "2000.09.03"]

1. d4 Nf6 2. Nf3 e6 3. c4 c5 4. Nc3 b6 5. d5 exd5 6. cxd5 d6 7. g3 g6 8. Bg2
Bg7 9. O-O O-O 10. Nd2 a6 11. a4 Nbd7 12. Nc4 Ne8 13. Bf4 Ne5 14. Bxe5 dxe5 15.
Qb3 Rb8 16. Na5 Qc7 17. Nc6 Rb7 18. d6 Nxd6 19. Nd5 Qd7 20. Rfd1 Qe6 21. Qd3
Kh8 22. Nde7 Rd7 23. Nxc8 Rxc8 24. Bd5 Qf6 25. Qxa6 Rcc7 26. Nb8 Re7 27. Qxb6
Nf5 28. Qxf6 Bxf6 29. Nc6 Re8 30. a5 Nd4 31. Nxd4 exd4 32. a6 Ra7 33. Kf1 Kg7
34. Bb7 Rb8 35. Ra5 Rbxb7 36. axb7 Rxb7 37. Rxc5 Rxb2 38. Rc8 h5 39. f4 Rb3 40.
Rd3 Rb5 41. Kg2 Rf5 42. Re8 Rc5 43. Rb3 Rc7 44. Kf3 Rc6 45. Reb8 Re6 46. R8b7
Rd6 47. Ra7 Rd8 48. Rbb7 Rf8 49. Rd7 Kg8 50. Rac7 Bg7 51. Ke4 Re8+ 52. Re7 Rf8
53. Kd5 Bf6 54. Red7 Bg7 55. Kc6 Bf6 56. Kb7 Bg7 57. Rc8 Rxc8 58. Kxc8 Kf8 59.
Kc7 Ke8 60. Kc6 Bf6 61. Rc7 Bg7 62. Kd6 Bf8+ 63. Kd5 Bg7 64. Ke4 Bf6 65. f5 1-0

[Event "XLII Festival A"]
[Site "Imperia ITA"]
[Date "2000.09.06"]
[Round "5"]
[White "Payen, Arnaud"]
[Black "Babula, Milan"]
[WhiteElo "2354"]
[BlackElo "2362"]
[Result "0-1"]
[PlyCount "104"]
[EventDate "2000.09.03"]

1. e4 e6 2. d4 d5 3. Nd2 Nf6 4. e5 Nfd7 5. f4 c5 6. c3 Nc6 7. Ngf3 cxd4 8. cxd4
Qb6 9. Nb3 a5 10. a4 f6 11. Bb5 Be7 12. O-O O-O 13. Kh1 Ndb8 14. Be3 Na6 15.
Bd3 Bd7 16. Nc5 Nxc5 17. dxc5 Qc7 18. exf6 Bxf6 19. Qc2 g6 20. Bb5 Ne7 21. Bd3
Bg7 22. g3 Nf5 23. Bxf5 Rxf5 24. Bd4 Rc8 25. Bxg7 Kxg7 26. Qc3+ Kg8 27. Nd4 Rf7
28. Rac1 e5 29. fxe5 Rxf1+ 30. Rxf1 Qxe5 31. Qd2 Bh3 32. Re1 Rf8 33. Nc2 Qe4+
34. Kg1 Qf3 35. Ne3 d4 36. Ng2 d3 37. Nf4 Bf5 38. Qc3 g5 39. Ng2 Be4 40. Qd2 h6
41. h3 Rf5 42. Kh2 Rxc5 43. Ne3 Rc8 44. b3 Rf8 45. Rf1 Qe2+ 46. Qxe2 dxe2 47.
Re1 Bd3 48. Kg2 h5 49. g4 hxg4 50. hxg4 Rf4 51. Kg3 Rf1 52. Nc2 Kg7 0-1

[Event "XLII Festival A"]
[Site "Imperia ITA"]
[Date "2000.09.06"]
[Round "5"]
[White "Pedemonte, Claudio"]
[Black "Lo Curto, Emanuele"]
[WhiteElo "2013"]
[BlackElo "2132"]
[Result "1/2-1/2"]
[PlyCount "118"]
[EventDate "2000.09.03"]

1. c4 Nf6 2. Nc3 g6 3. g3 Bg7 4. Bg2 d6 5. Nf3 O-O 6. d4 Nbd7 7. O-O e5 8. Bg5
h6 9. Bxf6 Bxf6 10. Ne4 Bg7 11. dxe5 dxe5 12. Qb3 Qe7 13. Rfd1 f5 14. Nc3 c6
15. e3 Nf6 16. Rd2 Nh5 17. Rad1 Be6 18. Qa4 Kh7 19. Bf1 Rfe8 20. Qa5 b6 21. Qa4
Qc7 22. Qc2 Nf6 23. b4 Nd7 24. Ne2 Rad8 25. h4 Nf8 26. Nc1 c5 27. b5 e4 28. Ne1
Rxd2 29. Rxd2 Bc8 30. Ne2 Ne6 31. Ng2 Be5 32. Nc3 Bxc3 33. Qxc3 Rf8 34. Rd5 Bb7
35. Rd2 g5 36. Qc1 Kg6 37. Qd1 Rd8 38. hxg5 hxg5 39. Be2 Rxd2 40. Qxd2 Qd8 41.
Qc3 Qb8 42. Qd2 Qc7 43. Qd1 Qd8 44. Qc2 Qd6 45. Qc1 Nd8 46. Qc3 Nf7 47. Kh2 Ne5
48. Ne1 f4 49. exf4 gxf4 50. gxf4 Nf3+ 51. Nxf3 Qxf4+ 52. Kg1 exf3 53. Bd3+ Kf7
54. Bf1 Kg6 55. Qh8 Qg4+ 56. Kh2 Qf4+ 57. Kg1 Be4 58. Qg8+ Kf6 59. Qf8+ Kg6
1/2-1/2

[Event "XLII Festival A"]
[Site "Imperia ITA"]
[Date "2000.09.06"]
[Round "5"]
[White "Popa, Claudiu"]
[Black "Cugini, Verter"]
[WhiteElo "2127"]
[BlackElo "2168"]
[Result "0-1"]
[PlyCount "124"]
[EventDate "2000.09.03"]

1. e4 e6 2. d4 d5 3. Nd2 Nf6 4. e5 Ne4 5. Bd3 Nxd2 6. Bxd2 c5 7. c3 Qb6 8. Ne2
c4 9. Bc2 Qxb2 10. a4 Nc6 11. O-O g6 12. Bg5 Bg7 13. Rb1 Qa3 14. Ra1 Qf8 15.
Bc1 f5 16. Ba3 Qf7 17. Nf4 Bf8 18. Bc1 Bd7 19. a5 O-O-O 20. Ba4 Nb8 21. Rb1
Bxa4 22. Qxa4 Qd7 23. Qxd7+ Rxd7 24. Nxe6 Nc6 25. Ra1 Be7 26. Ba3 Nd8 27. Nf4
Bxa3 28. Rxa3 g5 29. Nh5 Ne6 30. Nf6 Rdd8 31. Rb1 Kc7 32. Ra2 Kc6 33. Rab2 Rb8
34. Rb5 Rhd8 35. Nxh7 b6 36. Nf6 Nc7 37. R5b2 b5 38. Re2 Ne6 39. Re3 b4 40.
cxb4 Nxd4 41. e6 Re8 42. Nxe8 Rxe8 43. e7 Kd6 44. b5 f4 45. Rh3 Rxe7 46. b6
axb6 47. axb6 Rb7 48. Kf1 Kc5 49. Rh6 c3 50. g3 f3 51. Ke1 Kc4 52. Rh8 c2 53.
Rc1 Re7+ 54. Kf1 Kd3 55. Rc8 Kd2 56. Rc7 Rxc7 57. bxc7 Kxc1 58. c8=Q Kd2 59. h4
gxh4 60. gxh4 c1=Q+ 61. Qxc1+ Kxc1 62. h5 Nf5 0-1

[Event "XLII Festival A"]
[Site "Imperia ITA"]
[Date "2000.09.06"]
[Round "5"]
[White "Raviola, Giuseppe"]
[Black "Wurm, Christoph"]
[WhiteElo "1909"]
[BlackElo "2156"]
[Result "1-0"]
[PlyCount "93"]
[EventDate "2000.09.03"]

1. e4 c5 2. Nf3 e6 3. d4 cxd4 4. Nxd4 a6 5. Nc3 Ne7 6. Be3 Nbc6 7. Be2 Nxd4 8.
Bxd4 Nc6 9. a3 Nxd4 10. Qxd4 Qg5 11. g3 Bc5 12. Qd3 O-O 13. f4 Qe7 14. O-O-O b5
15. Bf3 Qd8 16. e5 Ra7 17. Ne4 Be7 18. h4 f5 19. exf6 gxf6 20. Ng5 fxg5 21.
hxg5 Rf7 22. g6 Rg7 23. Rxh7 Bf6 24. Rh6 Qc7 25. Rdh1 Kf8 26. Rh8+ Ke7 27. R8h7
Qc5 28. c3 Rc7 29. g4 Qc4 30. Qxc4 Rxc4 31. g5 Rxf4 32. gxf6+ Kxf6 33. Rh8 Rc4
34. Rf8+ Ke7 35. Rhh8 Rxg6 36. Rxc8 Rf4 37. Rh3 e5 38. Rc5 Kd6 39. Rd5+ Ke6 40.
Rd1 e4 41. Bh5 Rg2 42. Rd2 Rxd2 43. Kxd2 Rf2+ 44. Be2 Kf5 45. Ke3 Rg2 46. Rh5+
Kg6 47. Rd5 1-0

[Event "XLII Festival A"]
[Site "Imperia ITA"]
[Date "2000.09.06"]
[Round "5"]
[White "Scarenzio, Renato"]
[Black "Stoppa, Omar"]
[WhiteElo "2024"]
[BlackElo "2195"]
[Result "0-1"]
[PlyCount "80"]
[EventDate "2000.09.03"]

1. d4 Nf6 2. c4 c5 3. d5 b5 4. cxb5 a6 5. e3 axb5 6. Bxb5 Qa5+ 7. Nc3 Bb7 8.
Bd2 Qb6 9. Qb3 e6 10. e4 Nxe4 11. Nxe4 Bxd5 12. Qd3 f5 13. Ng3 Bxg2 14. N1e2
Bxh1 15. Nxh1 Nc6 16. Nc3 Nd4 17. Bf4 Ra5 18. a4 Bd6 19. Be3 Be5 20. O-O-O O-O
21. f4 Bf6 22. b4 Raa8 23. bxc5 Nb3+ 24. Kb1 Nxc5 25. Nd5 exd5 26. Qxd5+ Qe6
27. Bxc5 Rfb8 28. Kc2 Rc8 29. Kb1 Rab8 30. Bd6 Rb6 31. Bb4 Rcb8 32. Ng3 Rxb5
33. axb5 Rxb5 34. Qxe6+ dxe6 35. Ne2 Rxb4+ 36. Kc2 Kf7 37. Kd3 Rb3+ 38. Kd2 Rh3
39. Rc1 Rxh2 40. Rc7+ Ke8 0-1

[Event "XLII Festival A"]
[Site "Imperia ITA"]
[Date "2000.09.06"]
[Round "5"]
[White "Schmitt, Thomas"]
[Black "Machalek, Bedrich"]
[WhiteElo "2223"]
[BlackElo "2055"]
[Result "1-0"]
[PlyCount "125"]
[EventDate "2000.09.03"]

1. e4 c5 2. Nf3 e6 3. c3 Nc6 4. d4 cxd4 5. cxd4 Nf6 6. e5 Ne4 7. Bd3 Bb4+ 8.
Nbd2 f5 9. O-O d5 10. exd6 Nxd2 11. Bxd2 Bxd6 12. Re1 O-O 13. Bc4 Bc7 14. Bc3
Qd6 15. Qd2 a6 16. d5 exd5 17. Bxd5+ Kh8 18. Qg5 Qg6 19. Qxg6 hxg6 20. Bxc6
bxc6 21. Re7 Ra7 22. Bxg7+ Kg8 23. Bxf8 Kxf8 24. Re2 Kf7 25. Ne5+ Bxe5 26. Rxe5
Be6 27. a3 a5 28. Rae1 Bd5 29. h4 Kf6 30. R5e2 Rh7 31. f3 Rxh4 32. Rd2 g5 33.
Red1 Ke5 34. Kf2 g4 35. f4+ Kd6 36. Re1 g3+ 37. Ke3 Rh2 38. b4 axb4 39. axb4
Rh7 40. Kd4 Ra7 41. Rf1 Rh7 42. Rd3 Bxg2 43. Rg1 Bh3 44. Rdxg3 Bg4 45. Rxg4
fxg4 46. Rxg4 Rh6 47. f5 Rh1 48. Rg6+ Kc7 49. Ke5 Re1+ 50. Kf6 Re4 51. Kg7 Rxb4
52. f6 Rf4 53. f7 Kb6 54. Rf6 Rg4+ 55. Kh7 Rh4+ 56. Kg7 Rg4+ 57. Kh6 Rh4+ 58.
Kg5 Rh8 59. f8=Q Rxf8 60. Rxf8 c5 61. Kf4 Kb5 62. Ke3 Kb4 63. Kd2 1-0